| 000 | 00759nam a2200301Ia 4500 | ||
|---|---|---|---|
| 003 | OSt | ||
| 005 | 20221006144252.0 | ||
| 006 | a|||||r|||| 00| 0 | ||
| 007 | ta | ||
| 008 | 221006b |||||||| |||| 00| 0 eng d | ||
| 020 | _c52.22 | ||
| 024 | _a11,293 | ||
| 037 | _cTextual | ||
| 040 |
_aEASL _cEASL _beng |
||
| 041 |
_2eng _aeng |
||
| 082 | _aU43, L0 | ||
| 100 |
_aSPEED F W _9651333 |
||
| 245 | 0 | _aSouth- East Asian peninsula today | |
| 260 |
_aLondon _bAngus and robertson _c1970 |
||
| 300 |
_a87p. _ccm. |
||
| 490 | _v Gen | ||
| 650 | _a Gen | ||
| 650 |
_a The people _9651334 |
||
| 650 |
_a Their Government _9651335 |
||
| 650 |
_aThe lands _9651336 |
||
| 942 |
_hU43, L0 _cTEXL _2CC |
||
| 999 |
_c1079379 _d1079379 |
||